000 00930cab a2200229 4500
001 ##L134340
008 060727n2006 000 0 eng u
035 _a(Sirsi) u134340
041 0 _aeng
100 1 _aHansford, Mark
245 0 0 _aNew Civil Engineer Contractors File 2006
260 _c2006
490 0 _aNew Civil Engineer
_vsupplement 20 July 2006, (46)
520 _aContains alphabetical listing of construction companies, and tables including UK civil engineering turnover, overall turnover, UK civil engineering operating profit, pretax profit, total staff and engineering staff, buildings, and work in hand. Also includes analysis, and articles about the NCE contractors of the year.
651 4 _aUnited Kingdom
_y
690 _aBUILT ENVIRONMENT-CONSTRUCTION MARKET
700 1 _aAndrews, Peter
700 1 _aRedfern, Bernadette
700 1 _aGreeman, Adrian
700 1 _aMylius, Andrew
942 _n0
999 _c77466
_d77466